Griz Draftees - Statistics

General Stats
  • This quiz has been taken 4 times
  • The average score is 9 of 49
Answer Stats
Team Year Answer % Correct
49ers 2025 Junior Bergen
100%
Titans 2010 Marc Mariani
100%
Giants 1995 Scott Gragg
100%
Falcons 2010 Shann Schillinger
100%
Rams 2012 Trumaine Johnson
100%
Cowboys 2012 Caleb McSurdy
50%
Bills 2004 Dylan McFarland
50%
Dolphins 2011 Jimmy Wilson
50%
Dolhpins 2014 Jordan Tripp
50%
Ravens 2005 Justin Green
50%
Cardinals 1938 Milt Popovich
50%
Packers 1999 Scott Curry
50%
Jaguars 2016 Tyrone Holmes
50%
Bears 1939 Aldo Forte
0%
Chargers 1973 Barry Darrow
0%
Lions 1939 Bill Lazetich
0%
Bears 1951 Bob Hanson
0%
Vikings 1987 Brent Pease
0%
Redskins 1968 Brian Magnuson
0%
Cowboys 1984 Brian Salonen
0%
Chargers 1973 Cliff Burnett
0%
Eagles 1956 Don Brent
0%
Jets 1980 Guy Bingham
0%
Lions 1953 Hal Maus
0%
Cardinals 1973 Jim Hann
0%
Rams 1953 Jim Murray
0%
Lions 1961 John Gregor
0%
Falcons 2008 Kroy Biermann
0%
49ers 1988 Larry Clarkson
0%
Dodgers 1938 Len Noyes
0%
Dolphins 2008 Lex Hillard
0%
Jets 1987 Mike Rice
0%
Vikings 1965 Mike Tilleman
0%
Rams 1988 Pat Foster
0%
Lions 1938 Paul Szakash
0%
Packers 1951 Ray Bauer
0%
Cowboys 1982 Rich Burtness
0%
Jets 1982 Rocky Klever
0%
Bills 1969 Ron Baines
0%
Bengals 1975 Ron Rosenberg
0%
Falcons 1970 Roy Robinson
0%
Falcons 1972 Steve Okoniewski
0%
Patriots 1978 Terry Falcon
0%
Cardinals 1957 Terry Hurley
0%
49ers 1951 Tom Kingsford
0%
Eagles 1970 Tuufuli Uperesa
0%
Falcons 1976 Walt Brett
0%
Bears 1966 Wayne Becker
0%
Oilers 1972 Willie Postler
0%
No matching quizzes found
Score Distribution
Percent of People with Each Score
Percentile by Number Answered
Your Score History
You have not taken this quiz